State by Vanity Plate Quiz Stats

Quiz Updated Apr 19, 2016

Challenge
Share
Tweet
Score 0/20 Timer 04:00
8 Plays Today
% Correct
New York
96.2%
Idaho
93.4%
Alabama
84.3%
Georgia
83.8%
Arizona
79.4%
New Jersey
77.8%
Washington
68.3%
Colorado
67.8%
Missouri
67.7%
New Hampshire
65.8%
% Correct
Ohio
64.2%
Oregon
60.3%
Maryland
47.7%
Hawaii
44.7%
West Virginia
41.3%
Iowa
39.7%
Maine
31.5%
Virginia
28.9%
Nevada
19.3%
California
18.6%

You're not logged in!

Compare scores with friends on all Sporcle quizzes.
Sign Up with Email
OR
Log In

You Might Also Like...

Show Comments

Extras

Top Quizzes Today


Score Distribution

Your Account Isn't Verified!

In order to create a playlist on Sporcle, you need to verify the email address you used during registration. Go to your Sporcle Settings to finish the process.